Statistics for US States With The Most Colombians

Click here to take the quiz!

General Stats

  • This quiz has been taken 74 times
  • The average score is 11 of 15

Answer Stats

# of ColombiansState% Correct
1,024Florida
97%
104California
95%
503New York
95%
101Texas
91%
239New Jersey
83%
36Georgia
82%
23North Carolina
77%
53Massachusetts
75%
25Illinois
72%
26Virginia
71%
22Maryland
69%
15South Carolina
66%
45Connecticut
65%
23Pennsylvania
65%
20Rhode Island
46%

Score Distribution

Percentile by Number Answered

Percent of People with Each Score

Your Score History

You have not taken this quiz